Tennis - Gagnantes d'un tournoi WTA en 2024 - Statistiques

Statistiques générales
  • Ce quiz a été pris 132 fois
    81 depuis la dernière actualisation
  • Le résultat moyen est 38 sur 89
Statistiques - réponses
Tournois Nationalité Réponse % Correct
GS Open d'Australie Biélorussie Aryna Sabalenka
100%
WTA 1000 Cincinnati Bielorussie Aryna Sabalenka
100%
GS US Open Biélorussie Aryna Sabalenka
100%
WTA 1000 Wuhan Biélorussie Aryna Sabalenka
100%
WTA 250 Auckland États-Unis Coco Gauff
97%
WTA 1000 Pékin États-Unis Coco Gauff
97%
WTA Finals Riyadh États-Unis Coco Gauff
97%
WTA 500 Brisbane Kazakhstan Elena Rybakina
97%
WTA 500 Abu Dhabi Kazakhstan Elena Rybakina
97%
WTA 500 Stuttgart Kazakhstan Elena Rybakina
97%
WTA 1000 Doha Pologne Iga Swiatek
97%
WTA 1000 Indian Wells Pologne Iga Swiatek
97%
WTA 1000 Madrid Pologne Iga Swiatek
97%
WTA 1000 Rome Pologne Iga Swiatek
97%
GS Roland Garros Pologne Iga Swiatek
97%
WTA 1000 Dubaï Italie Jasmine Paolini
90%
WTA 500 Adélaïde Lettonie Jelena Ostapenko
86%
WTA 500 Linz Lettonie Jelena Ostapenko
86%
WTA 250 Palerme Chine Qinwen Zheng
86%
WTA 500 Tokyo Chine Qinwen Zheng
86%
WTA 500 Berlin États-Unis Jessica Pegula
84%
WTA 1000 Toronto États-Unis Jessica Pegula
84%
WTA 250 Iasi Russie Mirra Andreeva
81%
WTA 500 Washington Espagne Paula Badosa
81%
WTA 500 Strasbourg États-Unis Madison Keys
72%
WTA 250 Hobart États-Unis Emma Navarro
67%
WTA 125 Valence États-Unis Ann Li
60%
WTA 1000 Miami États-Unis Danielle Collins
60%
WTA 500 Charleston États-Unis Danielle Collins
60%
WTA 250 Prague Pologne Magda Linette
53%
GS Wimbledon Tchéquie Barbora Krejcikova
52%
WTA 500 Eastbourne Russie Daria Kasatkina
52%
WTA 500 Ningbo Russie Daria Kasatkina
52%
WTA 500 San Diego Royaume-Uni Katie Boulter
52%
WTA 250 Nottingham Royaume-Uni Katie Boulter
52%
WTA 500 Séoul Brésil Beatriz Haddad Maia
48%
WTA 250 Bogota Colombie Camila Osorio
43%
WTA 250 Bois-le-Duc Russie Ludmilla Samsonova
40%
WTA 125 Saint-Malo France Loïs Boisson
38%
WTA 250 Guangzhou Serbie Olga Danilovic
34%
WTA 250 Rouen États-Unis Sloane Stephens
34%
WTA 250 Hua Hin Russie Diana Shnaider
33%
WTA 125 Paris Russie Diana Shnaider
33%
WTA 500 Bad Hombourg Russie Diana Shnaider
33%
WTA 250 Budapest Russie Diana Shnaider
33%
WTA 250 Hong Kong Russie Diana Shnaider
33%
WTA 500 Monterrey Tchéquie Linda Noskova
33%
WTA 125 Buenos Aires Égypte Mayar Sherif
33%
WTA 250 Birmingham Kazakhstan Yulia Putintseva
33%
WTA 125 Charleston Italie Elisabetta Cocciaretto
29%
WTA 125 Montreux Roumanie Irina-Camelia Begu
26%
WTA 125 Cali Roumanie Irina-Camelia Begu
26%
WTA 250 Thaïlande Slovaquie Rebecca Sramkova
26%
WTA 250 Cluj Tchéquie Karolina Pliskova
24%
WTA 250 Rabat États-Unis Peyton Stearns
22%
WTA 125 Hamburg Hongrie Anna Bondar
21%
WTA 125 Antalya Espagne Jéssica Bouzas Maneiro
19%
WTA 125 Contrexeville Italie Lucia Bronzetti
17%
WTA 125 Puerto Valllerta États-Unis McCartney Kessler
17%
WTA 250 Cleveland États-Unis McCartney Kessler
17%
WTA 125 San Luis Potosi Argentine Nadia Podoroska
17%
WTA 125 Barranquilla Argentine Nadia Podoroska
17%
WTA 125 Gaiba États-Unis Alycia Parks
16%
WTA 125 Varsovie États-Unis Alycia Parks
16%
WTA 125 Angers États-Unis Alycia Parks
16%
WTA 125 Charleston Mexique Renata Zarazua
16%
WTA 125 La Bisbal d'Emporda Argentine Maria Carlé
14%
WTA 250 Jiangxi Suisse Viktorija Golubic
14%
WTA 125 Limoges Suisse Viktorija Golubic
14%
WTA 250 Open Tunisia Royaume-Uni Sonay Kartal
12%
WTA 125 Hong Kong Australie Ajla Tomljanović
10%
WTA 250 Osaka Pays-Bas Suzan Lamens
10%
WTA 125 Ljubljana Suisse Jil Teichmann
9%
WTA 250 Mérida Turquie Zeynep Sonmez
9%
WTA 125 Lleida Tchéquie Katerina Siniakova
7%
WTA 125 Canberra Espagne Nuria Parrizas Díaz
7%
WTA 125 Midland Canada Rebecca Marino
7%
WTA 125 Parme Slovaquie Anna Karolína Schmiedlova
5%
WTA 125 Bari Roumanie Anca Todoni
3%
WTA 125 Santa Cruz Roumanie Anca Todoni
3%
WTA 125 Mumbai Lettonie Darja Semenistaja
3%
WTA 125 Makarska États-Unis Katie Volynets
3%
WTA 125 Guadalajara Russie Kamilla Rakhimova
2%
WTA 125 Florianopolis Pologne Maja Chwalinska
2%
WTA 125 Bastad Italie Martina Trevisan
2%
WTA 250 Austin Chine Yuan Yue
2%
WTA 125 Tampico Canada Marina Stakusic
0%
WTA 125 Bucarest Roumanie Miriam Bulgaru
0%
WTA 125 Colina Serbie Nina Stojanovic
0%
Aucun quiz correspondant
Distribution des résultats
% des personnes avec chaque résultat
Percentile par nombre de réponses
Votre historique - résultats
Vous n’avez pas pris ce quiz depuis la dernière actualisation